000 01257nam a2200349 i 4500
003 CO-BoRNBP
005 20250527081717.0
007 ta
008 231127s2023 ck a|||jr|||| 00| ||spa d
020 _a9789585532649
040 _aCO-BoRNBP
_bspa
_erda
_cCO-BoRNBP
041 1 _aspa
_hfre
043 _as-fr---
084 _aC VER2
100 1 _aVerne, Julio
_d1828-1905
_eautor
245 1 0 _aFrritt - Flacc
_cJulio Verne ; ilustraciones de Alexander Camanho ; traducción de Jorge Eliécer Rodríguez Pereira
250 _aEdición especial
264 1 _aBogotá, Colombia
_bCangrejo Editores
_c2023
300 _a72 páginas
_bilustraciones a color
_c31 cm
336 _atexto
_btxt
_2rdacontent
337 _asin mediación
_bn
_2rdamedia
338 _avolumen
_bnc
_2rdacarrier
521 _aRecomendado para un público mayor de 12 años
534 _t
650 1 7 _aCuentos juveniles franceses
_ySiglo XXI
_2ARMARC
_959401
650 1 7 _aLiteratura juvenil francesa
_ySiglo XXI
_2ARMARC
_91832
650 1 7 _a Historias de terror
_2ARMARC
650 1 7 _aIronía en la literatura
_2ARMARC
_959402
700 1 _aCamanho, Alexandre
_eilustrador
_959403
700 1 _aRodríguez Pereira, Jorge Eliécer
_etraductor
_958431
942 _2loc
_cBKLIT
999 _c57084
_d57084